Pithiviers - Choix Multiples - Statistiques

Statistiques générales
  • Ce quiz a été pris 33 fois
  • Le résultat moyen est 6 sur 10
Statistiques - réponses
Question Réponse % Correct
Quel type de spécialité culinaire est le Pithiviers ? Un gâteau
94%
Dans quelle série de films retrouve-t-on le personnage Pithivier ? La Septième Compagnie
87%
Dans quel département se trouve la ville ? Le Loiret
71%
Quelle marque de gâteaux et biscuits possède une usine à Pithiviers ? Brossard
68%
Quelle place importante de la ville partage son nom avec une place célèbre d'Orléans ? La place du Martroi
68%
Pour quoi est connue Pithiviers durant la Seconde Guerre Mondiale ? L'installation d'un camp d'internement et de déportation des juifs
52%
Comment s'appelle la rivière qui traverse la ville ? L'Œuf
48%
Comment s'appelle le Plus Beau Village de France se trouvant à proximité de Pithiviers ? Yèvre-le-Châtel
42%
Laquelle de ces images représente l'église Saint-Salomon-Saint-Grégoire de Pithiviers ?
32%
Avec quelle commune le tramway de Pithiviers permettait une liaison, jusqu'en 1964 ? Toury
29%
Aucun quiz correspondant
Distribution des résultats
% des personnes avec chaque résultat
Percentile par nombre de réponses
Votre historique - résultats
Vous n’avez pas pris ce quiz